Cambio tecnológico, complejidad e instituciones: el caso de Argentina y México /
El artículo conjuga los aportes de varias teorías sobre el cambio tecnológico e institucional que ayudan a comprender la persistencia de la "trampa del atraso". El artículo se organiza de la siguiente forma: en la primera sección se expone la concepción evolucionista correspondiente a lo q...
Gespeichert in:
| 1. Verfasser: | |
|---|---|
| Weitere Verfasser: | , |
| Format: | Text |
| Schlagworte: | |
| Tags: |
Tag hinzufügen
Keine Tags, Fügen Sie den ersten Tag hinzu!
|
MARC
| LEADER | 00000 a a2200000 04500 | ||
|---|---|---|---|
| 001 | 42008 | ||
| 003 | |||
| 040 | |||
| 100 | |a Rivera Ríos, Miguel Angel | ||
| 245 | |a Cambio tecnológico, complejidad e instituciones: |b el caso de Argentina y México / |c Miguel Angel Rivera Ríos ; Véronica Robert ; Gabriel Yoguel | ||
| 500 | |a mriver@servidor.unam.mx |a vrobert@gmail.com |a gyoguel@ungs.edu.ar | ||
| 520 | |a El artículo conjuga los aportes de varias teorías sobre el cambio tecnológico e institucional que ayudan a comprender la persistencia de la "trampa del atraso". El artículo se organiza de la siguiente forma: en la primera sección se expone la concepción evolucionista correspondiente a lo que Kuznets llama crecimiento económico moderno. En seguida, se exponen los resultados de dos trabajos empíricos llevados a cabo en industrias argentinas y mexicanas. Finalmente, se hace una propuesta de unificación del "enfoque" tecnológico con el institucionalista y se presenta una agenda tentativa de investigación, enmarcada en una nueva teoría del desarrollo. | ||
| 590 | |a RRH/SEPTIEMBRE 2011 | ||
| 650 | |a 1.CAMBIO TECNOLOGICO | ||
| 650 | |a 2.CRECIMIENTO ECONOMICO | ||
| 650 | |a 3.DESARROLLO ECONOMICO Y SOCIAL | ||
| 650 | |a 4.MARCO INSTITUCIONAL | ||
| 650 | |a 5.ARGENTINA | ||
| 650 | |a 6.MEXICO | ||
| 700 | |a Robert, Verónica | ||
| 700 | |a Yoguel,Gabriel | ||
| 773 | |g volumen4, número8 ( , 2009), páginas 77-111 | ||
| 999 | |c 30442 |d 30442 | ||
